Statistics for Countries Whose Only Vowel Is An A

Click here to take the quiz!

General Stats

  • This quiz has been taken 120 times
  • The average score is 7 of 11

Answer Stats

Answer% Correct
Japan
83%
Canada
82%
Panama
80%
Chad
73%
Madagascar
68%
Bahamas
67%
Ghana
66%
Qatar
66%
Kazakhstan
62%
Rwanda
54%
Malta
46%

Score Distribution

Percentile by Number Answered

Percent of People with Each Score

Your Score History

You have not taken this quiz